All UK Cabinet Ministers under Liz Truss (2022) - Statistics

General Stats
  • This quiz has been taken 172 times
  • The average score is 17 of 33
Answer Stats
Minister Title Years Name % Correct
Prime Minister 2022 Liz Truss
100%
Chancellor of the Exchequer 2022 Kwasi Kwarteng
93%
Home Secretary 2022 Suella Braverman
89%
2022 Jeremy Hunt
86%
Foreign Secretary 2022 James Cleverly
83%
Deputy Prime Minister /Health Secretary 2022 Therese Coffey
81%
2022 Grant Shapps
75%
Defence Secretary 2022 Ben Wallace
74%
Leader of the House of Commons 2022 Penny Mordaunt
68%
President for COP26 2022 Alok Sharma
63%
Business Secretary 2022 Jacob Rees-Mogg
63%
International Trade Secretary 2022 Kemi Badenoch
62%
Scotland Secretary 2022 Alister Jack
49%
Work & Pensions Secretary 2022 Chloe Smith
45%
Chancellor of the Duchy of Lancaster 2022 Nadhim Zahawi
44%
Levelling-Up Secretary 2022 Simon Clarke
44%
Culture Secretary 2022 Michelle Donelan
43%
Northern Ireland Secretary 2022 Chris Heaton-Harris
42%
Leader of the House of Lords 2022 Lord True
40%
Wales Secretary 2022 Robert Buckland
40%
Minister for Security 2022 Tom Tugendhat
40%
Chief Whip 2022 Wendy Morton
38%
Transport Secretary 2022 Anne-Marie Trevelyan
36%
Justice Secretary 2022 Brandon Lewis
36%
Education Secretary 2022 Kit Malthouse
36%
Chief Secretary to the Treasury 2022 Chris Philp
32%
Minister without Portfolio 2022 Jake Berry
30%
Environment Secretary 2022 Ranil Jayawardena
30%
Attorney General 2022 Michael Ellis
25%
2022 Edward Argar
19%
Minister for Climate 2022 Graham Stuart
19%
Minister for Development 2022 Vicky Ford
19%
Minister for Veterans 2022 James Heappey
15%
No matching quizzes found
Score Distribution
Percent of People with Each Score
Percentile by Number Answered
Your Score History
You have not taken this quiz